01504nam a2200313Ia 450000500170000000800410001708200200005811000530007824501430013125000190027430000420029350000820033561000800041761000740049765000590057165000580063065000630068870000260075170000340077770000490081194200130086026400440087333600270091733700330094433800280097704000350100599900150104095201350105520220317001236.0160825s1996 ck a g 000 0 spa 04aR 708.074bB15p2 aBiblioteca Luis Ángel Arango (Bogotá)96807210aPor mi raza hablará el espíritubintercambio artístico México Colombia, abril -junio 1996cBanco de la República? [y otros tres] a1a. edición  a64 páginas bilustraciones c28 cm  aExposición realizada en la Biblioteca Luis Ángel Arango, Abril-Junio 19962 aMuseo Universitario del Chopo (México)vExposicionesvCatálogos 9680682 aBanco de la república (Bogotá)vExposiciones vCatálogos968073142LEMBaArtistas mexicanos vExposicionesvCatálogos 142LEMBaArtistas colombianosvExposicionesvCatálogos142LEMBaArtistas latinoamericanosvExposicionesvCatálogos1 aGarza, Rosalba9680751 aPorraz Fraser, Paloma.9680761 aCieza de León, Pedro ded1518-1560.968077 2ddccREF aBogotábBanco de la Repúblicac1996 atextobtxt2rdacontent asin mediaciónbn2rdamedia avolumenbnc2rdacarrier aCO-BoRNBPbspaerdacCO-BoRNBP c6356d6356 00102ddc40708GENaMEDORADObMEDORADOcREFd2023-02-10l0oR 708.074 B15ppDOR01219r2023-02-10 00:00:00tEj.1w2023-02-10yREF